[Event "Subcarpathian-chT"]
[Site "Bystre"]
[Date "2021.06.13"]
[Round "8.29"]
[White "Tokarz, Izabela"]
[Black "Maj, Jan"]
[Result "1-0"]
[WhiteElo "1621"]
[BlackElo "1383"]
[PlyCount "135"]
[EventDate "2021.06.09"]
[EventType "team-tourn"]
[EventRounds "9"]
[EventCountry "POL"]
[SourceTitle "EXT 2022"]
[Source "ChessBase"]
[SourceDate "2021.10.06"]
[SourceVersion "1"]
[SourceVersionDate "2021.10.06"]
[SourceQuality "1"]

1. d4 d5 2. c4 e6 3. Nc3 Nf6 4. cxd5 exd5 5. Bg5 c6 6. Qc2 Bb4 7. e3 h6 8. Bh4 Be6 9. Nf3 Nbd7 10. Bd3 Qa5 11. 0-0 0-0 12. a3 Bd6 13. Rfe1 Bg4 14. Nd2 Rfe8 15. f3 Be6 16. e4 dxe4 17. Ndxe4 Be7 18. b4 Qh5 19. Bf2 Nxe4 20. Nxe4 Nf6 21. Ng3 Qd5 22. Re5 Qd7 23. Nf1 Nd5 24. Rd1 Bf6 25. Re4 Rad8 26. g4 Nb6 27. Be2 Bd5 28. Rxe8+ Rxe8 29. Ng3 Qe6 30. Re1 Qd7 31. a4 Nc8 32. Nh5 Bd8 33. h4 Qd6 34. b5 Qb4 35. Nf4 Bxf3 36. Nd3 Qd6 37. Bxf3 Rxe1+ 38. Nxe1 Ne7 39. bxc6 bxc6 40. Qc5 Qc7 41. Nd3 Ng6 42. Qxc6 Qxc6 43. Bxc6 Nxh4 44. Bxh4 Bxh4 45. d5 Be7 46. Ne5 Bd6 47. Nc4 Bc5+ 48. Kg2 Kf8 49. d6 f6 50. Kf3 Kf7 51. Ke4 g6 52. Kd5 Bb4 53. Nb2 f5 54. gxf5 gxf5 55. Nd3 Ba5 56. Ne5+ Kf6 57. d7 Bd8 58. Bb5 h5 59. Nc6 Bb6 60. d8Q+ Bxd8 61. Nxd8 h4 62. Kd4 Kg5 63. Ke3 Kg4 64. Kf2 h3 65. Bc6 f4 66. Bf3+ Kh4 67. Nc6 a6 68. Nb4 1-0

[Event "Subcarpathian-chT"]
[Site "Bystre"]
[Date "2021.06.12"]
[Round "7.11"]
[White "Maj, Jan"]
[Black "Wasik, Roman"]
[Result "1-0"]
[WhiteElo "1383"]
[BlackElo "1500"]
[PlyCount "57"]
[EventDate "2021.06.09"]
[EventType "team-tourn"]
[EventRounds "9"]
[EventCountry "POL"]
[SourceTitle "EXT 2022"]
[Source "ChessBase"]
[SourceDate "2021.10.06"]
[SourceVersion "1"]
[SourceVersionDate "2021.10.06"]
[SourceQuality "1"]

1. e4 c5 2. d4 cxd4 3. Qxd4 Nc6 4. Qe3 d6 5. Bd2 Nf6 6. Nc3 e5 7. 0-0-0 a6 8. h3 Be7 9. f4 0-0 10. Nf3 Qc7 11. g4 Be6 12. f5 Bd7 13. g5 Nh5 14. Nd5 Qd8 15. Rg1 Kh8 16. Be2 Be8 17. f6 gxf6 18. gxf6 Nxf6 19. Qh6 Rg8 20. Nh4 Rg6 21. Nxg6+ fxg6 22. Rdf1 Bf7 23. Nxe7 Qxe7 24. Bg5 Ng8 25. Bxe7 Nxh6 26. Bg5 Nd4 27. Bd3 Nhf5 28. exf5 gxf5 29. Bf6# 1-0